00579ntaaa2200193 45000030003000000050017000030080021000200400037000410820013000781000033000912450087001242500012002112600025002233000030002485000027002786500023003056500029003286500028003570120251027203200.00714s1973 ag 01  aAR-BaBNbspacAR-BaBNeaacrdRIC a920 P41g aPerez Perez, Lisardo Manuel  aEl guerrero de paz : bPor América con la Biblia / cLisardo Manuel Perez Perez  a1ª ed. aBuenos Aires, c1969 a260 p. ; cIlust, 22.5 cm aContiene ilustraciones aBIBLIA-COLPORTORES aPEREZ. LISARDO-BIOGRAFIA aPEREZ, MANUEL-BIOGRAFIA